hell is a teenage girl - Nessa Barrett - Statistics

General Stats
  • This quiz has been taken 23 times
  • The average score is 177 of 216
Answer Stats
Hint Answer % Correct
a
100%
girl
100%
Hell
100%
I
100%
teenage
100%
is
92%
the
92%
to
92%
you
92%
You
92%
and
83%
baby
83%
barely
83%
be
83%
burn
83%
Burn
83%
But
83%
call
83%
cry
83%
I'll
83%
I'm
83%
in
83%
it
83%
Chorus It
83%
just
83%
made
83%
man's
83%
me
83%
might
83%
my
83%
of
83%
shame
83%
slut
83%
start
83%
then
83%
they
83%
this
83%
try
83%
what
83%
when
83%
When
83%
whore
83%
woman
83%
world
83%
your
83%
Verse 1 You're
83%
you're
83%
bitch
75%
can
75%
cold
75%
crazy
75%
fault
75%
four
75%
hearted
75%
inside
75%
It's
75%
keep
75%
kill
75%
looks
75%
ruined
75%
Say
75%
sensitive
75%
that
75%
that's
75%
time
75%
too
75%
twenty
75%
watch
75%
will
75%
Verse 2 Will
75%
Yeah
75%
afraid
67%
dangerous
67%
delicate
67%
for?
67%
If
67%
middle
67%
night?
67%
not
67%
past
67%
pretty
67%
prison
67%
scared
67%
should
67%
still
67%
us
67%
Bridge We're
67%
what's
67%
back
58%
bored?
58%
'cause
58%
come
58%
like
58%
screaming
58%
siren
58%
bite?
50%
think
50%
unleash
50%
uptight
50%
storm
33%
No matching quizzes found
Score Distribution
Percent of People with Each Score
Percentile by Number Answered
Your Score History
You have not taken this quiz